000
00264nam a22000977a 4500
008
170124b xxu||||| |||| 00| 0 eng d
041
_a
eng
080
_a
618.2
245
_a
CARE OF ALZHEIMER'S PATIENTS: A MANUAL FOR NURSING HOME STAFF
_c
GWYTHER, L.P
942
_2
udc
_c
BK
999
_c
3432
_d
3432